Combien de ville de Savoie (73) connais-tu ? - Statistiques

Statistiques générales
  • Ce quiz a été pris 32 fois
  • Le résultat moyen est 31 sur 273
Statistiques - réponses
Code Postal Ville % Correct
73026 Chambéry
96%
73208 Albertville
85%
73104 Aix-les-Bains
73%
73120 Courchevel
54%
73600 Moûtiers
54%
73303 Saint-Jean-de-Maurienne
54%
73800 Montmélian
50%
73150 Val-d'Isère
50%
73321 Tignes
46%
73000 Barberaz
42%
73290 La Motte-Servolex
42%
73160 Cognin
38%
73400 Ugine
38%
73212 Aime-la-Plagne
35%
73000 Bassens
35%
73190 Challes-les-Eaux
35%
73230 Barby
31%
73460 Frontenex
31%
73100 Grésy-sur-Aix
31%
73000 Jacob-Bellecombette
31%
73491 La Ravoire
31%
73370 Le Bourget-du-Lac
31%
73500 Modane
31%
73270 Beaufort
27%
73700 Bourg-Saint-Maurice
27%
73470 Novalaise
27%
73230 Saint-Alban-Leysse
27%
73700 Séez
27%
73450 Valloire
27%
73460 Grésy-sur-Isère
23%
73200 Mercury
23%
73420 Méry
23%
73800 Porte-de-Savoie
23%
73190 Saint-Jeoire-Prieuré
23%
73140 Saint-Michel-de-Maurienne
23%
73250 Saint-Pierre-d'Albigny
23%
73170 Yenne
23%
73221 Aiton
19%
73480 Bonneval-sur-Arc
19%
73310 Chanaz
19%
73800 Chignin
19%
73420 Drumettaz-Clarafond
19%
73200 Grignon
19%
73260 La Léchère
19%
73100 Mouxy
19%
73390 Chamoux-sur-Gelon
15%
73190 Curienne
15%
73410 Entrelacs
15%
73590 Flumet
15%
73200 Gilly-sur-Isère
15%
73260 Grand-Aigueblanche
15%
73540 La Bâthie
15%
73130 La Chambre
15%
73550 Les Allues
15%
73310 Motz
15%
73800 Myans
15%
73470 Nances
15%
73200 Pallud
15%
73720 Queige
15%
73170 Saint-Jean-de-Chevelu
15%
73460 Tournon
15%
73100 Tresserve
15%
73480 Val-Cenis
15%
73160 Vimines
15%
73420 Viviers-du-Lac
15%
73610 Aiguebelette-le-Lac
12%
73340 Aillon-le-Jeune
12%
73340 Aillon-le-Vieux
12%
73190 Apremont
12%
73470 Ayn
12%
73480 Bessans
12%
73460 Bonvillard
12%
73220 Bonvillaret
12%
73370 Bourdeau
12%
73390 Bourgneuf
12%
73350 Bozel
12%
73571 Brides-les-Bains
12%
73730 Cevins
12%
73390 Chamousset
12%
73310 Chindrieux
12%
73590 Crest-Voland
12%
73610 Dullin
12%
73540 Esserts-Blay
12%
73620 Hauteluce
12%
73170 Jongieux
12%
73660 La Chapelle
12%
73210 Landry
12%
73216 La Plagne Tarentaise
12%
73190 La Thuile
12%
73610 Lépin-le-Lac
12%
73330 Le Pont-de-Beauvoisin
12%
73260 Les Avanchers-Valmorel
12%
73440 Les Belleville
12%
73340 Lescheraines
12%
73230 Les Déserts
12%
73360 Les Échelles
12%
73000 Montagnole
12%
73350 Montagny
12%
73700 Montvalezan
12%
73590 Notre-Dame-de-Bellecombe
12%
73710 Pralognan-la-Vanoise
12%
73310 Ruffieux
12%
73190 Saint-Baldoph
12%
73640 Sainte-Foy-Tarentaise
12%
73460 Sainte-Hélène-sur-Isère
12%
73360 Saint-Franc
12%
73130 Saint François Longchamp
12%
73230 Saint-Jean-d'Arvey
12%
73600 Saint-Marcel
12%
73660 Saint-Rémy-de-Maurienne
12%
73160 Saint-Thibaud-de-Couz
12%
73600 Salins-Fontaine
12%
73310 Serrières-en-Chautagne
12%
73000 Sonnaz
12%
73230 Thoiry
12%
73790 Tours-en-Savoie
12%
73110 Valgelon-La Rochette
12%
73270 Villard-sur-Doron
12%
73420 Voglans
12%
73200 Allondaz
8%
73220 Argentine
8%
73110 Arvillard
8%
73610 Attignat-Oncin
8%
73240 Avressieux
8%
73500 Avrieux
8%
73340 Bellecombe-en-Bauges
8%
73100 Brison-Saint-Innocent
8%
73460 Cléry
8%
73310 Conjux
8%
73800 Cruet
8%
73330 Domessin
8%
73630 Doucy-en-Bauges
8%
73630 École
8%
73350 Feissons-sur-Salins
8%
73250 Fréterive
8%
73470 Gerbaix
8%
73600 Hautecour
8%
73630 Jarsy
8%
73170 La Balme
8%
73360 La Bauche
8%
73520 La Bridoire
8%
73630 La Compôte
8%
73590 La Giettaz
8%
73110 La Table
8%
73170 Lucey
8%
73400 Marthod
8%
73200 Monthion
8%
73460 Notre-Dame-des-Millières
8%
73140 Orelle
8%
73210 Peisey-Nancroix
8%
73200 Plancherine
8%
73100 Pugny-Chatenod
8%
73190 Puygros
8%
73730 Rognaix
8%
73520 Saint-Béron
8%
73800 Sainte-Hélène-du-Lac
8%
73160 Saint-Jean-de-Couz
8%
73870 Saint-Julien-Mont-Denis
8%
73590 Saint-Nicolas-la-Chapelle
8%
73100 Saint-Offenge
8%
73170 Saint-Paul
8%
73670 Saint-Pierre-d'Entremont
8%
73160 Saint-Sulpice
8%
73100 Trévignin
8%
73330 Verel-de-Montbel
8%
73460 Verrens-Arvey
8%
73640 Villaroger
8%
73800 Arbin
4%
73340 Arith
4%
73500 Aussois
4%
73330 Belmont-Tramonet
4%
73110 Bourget-en-Huile
4%
73200 Césarches
4%
73240 Champagneux
4%
73350 Champagny-en-Vanoise
4%
73390 Champ-Laurent
4%
73390 Châteauneuf
4%
73400 Cohennoz
4%
73800 Coise-Saint-Jean-Pied-Gauthier
4%
73160 Corbel
4%
73110 Détrier
4%
73670 Entremont-le-Vieux
4%
73220 Épierre
4%
73500 Fourneaux
4%
73410 La Biolle
4%
73370 La Chapelle-du-Mont-du-Chat
4%
73800 La Chavanne
4%
73800 Laissaud
4%
73340 La Motte-en-Bauges
4%
73630 Le Châtelard
4%
73700 Les Chapelles
4%
73800 Les Mollettes
4%
73470 Marcieux
4%
73170 Meyrieux-Trouet
4%
73460 Montailleur
4%
73390 Montendry
4%
73220 Montsapey
4%
73300 Montvernier
4%
73600 Notre-Dame-du-Pré
4%
73310 Ontex
4%
73800 Planaise
4%
73350 Planay
4%
17305 Rochefort
4%
73610 Saint-Alban-de-Montbel
4%
73500 Saint-André
4%
73160 Saint-Cassin
4%
73360 Saint-Christophe
4%
73240 Sainte-Marie-d'Alvey
4%
73130 Sainte-Marie-de-Cuines
4%
73130 Saint-Étienne-de-Cuines
4%
73240 Saint-Genix-les-Villages
4%
73220 Saint-Georges-d'Hurtières
4%
73530 Saint-Jean-d'Arves
4%
73250 Saint-Jean-de-la-Porte
4%
73140 Saint-Martin-d'Arc
4%
73410 Saint-Ours
4%
73310 Saint-Pierre-de-Curtille
4%
73530 Saint-Sorlin-d'Arves
4%
73460 Saint-Vital
4%
73200 Thénésol
4%
73220 Val-d'Arc
4%
73450 Valmeinier
4%
73200 Venthon
4%
73230 Verel-Pragondran
4%
73170 Verthemex
4%
73390 Villard-Léger
4%
73110 Villard-Sallet
4%
73300 Villargondran
4%
73310 Vions
4%
73300 Albiez-le-Jeune
0%
73300 Albiez-Montrond
0%
73390 Betton-Bettonet
0%
73170 Billième
0%
73300 Fontcouverte-la-Toussuire
0%
73500 Freney
0%
73390 Hauteville
0%
73300 Jarrier
0%
73110 La Chapelle-Blanche
0%
73170 La Chapelle-Saint-Martin
0%
73110 La Croix-de-la-Rochette
0%
73300 La Tour-en-Maurienne
0%
73110 La Trinité
0%
73340 Le Noyer
0%
73110 Le Pontet
0%
73660 Les Chavannes-en-Maurienne
0%
73110 Le Verneil
0%
73170 Loisieux
0%
73100 Montcel
0%
73220 Montgilbert
0%
73870 Montricher-Albanne
0%
73130 Notre-Dame-du-Cruet
0%
73110 Presle
0%
73110 Rotherens
0%
73130 Saint-Alban-des-Villards
0%
73220 Saint-Alban-d'Hurtières
0%
73130 Saint-Avre
0%
73130 Saint-Colomban-des-Villards
0%
73630 Sainte-Reine
0%
73340 Saint-François-de-Sales
0%
73220 Saint-Léger
0%
73140 Saint-Martin-de-la-Porte
0%
73130 Saint-Martin-sur-la-Chambre
0%
73300 Saint-Pancrace
0%
73730 Saint-Paul-sur-Isère
0%
73170 Saint-Pierre-d'Alvey
0%
73220 Saint-Pierre-de-Belleville
0%
73360 Saint-Pierre-de-Genebroz
0%
73800 Saint-Pierre-de-Soucy
0%
73170 Traize
0%
73800 Villard-d'Héry
0%
73300 Villarembert
0%
73500 Villarodin-Bourget
0%
73110 Villaroux
0%
Aucun quiz correspondant
Distribution des résultats
% des personnes avec chaque résultat
Percentile par nombre de réponses
Votre historique - résultats
Vous n’avez pas pris ce quiz